[Event "Steyr Landesliga 1617"]
[Site "Austria"]
[Date "2016.11.05"]
[Round "4.6"]
[White "Janisch, Robert"]
[Black "Trummer, Robert"]
[Result "1/2-1/2"]
[WhiteElo "2101"]
[BlackElo "2038"]
[PlyCount "35"]
[EventDate "2016.10.01"]
[EventType "team-tourn"]
[EventRounds "11"]
[EventCountry "AUT"]
[SourceTitle "EXT 2018"]
[Source "ChessBase"]
[SourceDate "2017.10.13"]
[SourceVersion "1"]
[SourceVersionDate "2017.10.13"]
[SourceQuality "1"]
[WhiteTeam "Fuerstenfeld/Hartberg"]
[BlackTeam "Gleisdorf"]
[WhiteTeamCountry "AUT"]
[BlackTeamCountry "AUT"]

1. d4 Nf6 2. g3 d6 3. Bg2 c6 4. e4 e5 5. dxe5 dxe5 6. Qxd8+ Kxd8 7. Nf3 Bd6 8. 0-0 Bg4 9. Nbd2 Nbd7 10. Nc4 Bc7 11. Bg5 Ke7 12. Ne3 h6 13. Bxf6+ Nxf6 14. h3 Be6 15. Nh4 Rhd8 16. Nhf5+ Kf8 17. Rad1 Ng8 18. b3 1/2-1/2

[Event "Steyr Landesliga 1617"]
[Site "Austria"]
[Date "2016.10.15"]
[Round "2.4"]
[White "Janisch, Robert"]
[Black "Rattinger, Friedrich"]
[Result "0-1"]
[WhiteElo "2101"]
[BlackElo "2068"]
[PlyCount "136"]
[EventDate "2016.10.01"]
[EventType "team-tourn"]
[EventRounds "11"]
[EventCountry "AUT"]
[SourceTitle "CBM 175 Extra"]
[Source "ChessBase"]
[SourceDate "2016.12.12"]
[SourceVersion "1"]
[SourceVersionDate "2016.12.12"]
[SourceQuality "1"]
[WhiteTeam "Fuerstenfeld/Hartberg"]
[BlackTeam "Ratten Krieglach"]
[WhiteTeamCountry "AUT"]
[BlackTeamCountry "AUT"]

1. d4 c5 2. d5 e5 3. dxe6 fxe6 4. e4 Nc6 5. c4 Nf6 6. Nc3 e5 7. Nge2 d6 8. Ng3 Nd4 9. Bg5 Be7 10. Bd3 0-0 11. Qd2 h6 12. Be3 Ng4 13. Nd5 Nxe3 14. Nxe7+ Qxe7 15. fxe3 Nc6 16. Nf5 Bxf5 17. exf5 e4 18. Bc2 Rxf5 19. 0-0-0 Rd8 20. Rhf1 Re5 21. a3 Qe6 22. Qc3 Rf8 23. Rfe1 Rf2 24. Rd5 Rxg2 25. Red1 Rxh2 26. Rxd6 Qf5 27. Ba4 Qg5 28. R6d5 Rxd5 29. cxd5 Ne5 30. Bc2 Nd3+ 31. Bxd3 Qxe3+ 32. Kb1 exd3 33. Rxd3 Rh1+ 34. Ka2 Qe1 35. d6 Qe6+ 36. b3 Rh2+ 37. Rd2 Rxd2+ 38. Qxd2 Qd7 39. Qd5+ Kf8 40. Qxc5 Kf7 41. Qd5+ Kf6 42. a4 g5 43. Kb2 a5 44. Qd2 Ke6 45. Qxa5 Qxd6 46. Qa8 b6 47. Qg8+ Ke5 48. Qf7 g4 49. Kc2 Ke4 50. Qc4+ Kf3 51. Qf1+ Kg3 52. Qg1+ Kh3 53. Qf1+ Kg3 54. Qg1+ Kf3 55. Qf1+ Ke4 56. Qc4+ Kf5 57. Qf1+ Ke5 58. Qb5+ Kf4 59. Qc4+ Kg3 60. Qf1 Qc5+ 61. Kd3 h5 62. b4 Qd5+ 63. Kc2 Qc6+ 64. Kd2 Kh2 65. Qf2+ Kh3 66. Ke3 Qe6+ 67. Kd4 g3 68. Qf3 Qg4+ 0-1

[Event "Steyr Landesliga 1516"]
[Site "Austria"]
[Date "2016.04.23"]
[Round "11.3"]
[White "Janisch, Robert"]
[Black "Eder, Matthias"]
[Result "1/2-1/2"]
[WhiteElo "2092"]
[BlackElo "2133"]
[PlyCount "23"]
[EventDate "2015.09.26"]
[EventType "team-tourn"]
[EventRounds "11"]
[EventCountry "AUT"]
[SourceTitle "EXT 2017"]
[Source "ChessBase"]
[SourceDate "2016.10.25"]
[SourceVersion "1"]
[SourceVersionDate "2016.10.25"]
[SourceQuality "1"]
[WhiteTeam "Fuerstenfeld/Hartberg"]
[BlackTeam "Graz Schachfreunde"]
[WhiteTeamCountry "AUT"]
[BlackTeamCountry "AUT"]

1. d4 g6 2. c4 Bg7 3. Nc3 Nf6 4. e4 d6 5. f4 c5 6. dxc5 Qa5 7. Bd3 Nfd7 8. Bd2 Nxc5 9. Bc2 Nc6 10. Nd5 Qd8 11. b4 Ne6 12. Ne2 1/2-1/2

[Event "Steyr Landesliga 1314"]
[Site "Austria"]
[Date "2013.12.07"]
[Round "5.4"]
[White "Janisch, Robert"]
[Black "Birk, Steffen"]
[Result "0-1"]
[WhiteElo "2092"]
[BlackElo "2244"]
[PlyCount "48"]
[EventDate "2013.09.28"]
[EventType "team-tourn"]
[EventRounds "11"]
[EventCountry "AUT"]
[SourceTitle "EXT 2015"]
[Source "ChessBase"]
[SourceDate "2014.11.20"]
[SourceVersion "1"]
[SourceVersionDate "2014.11.20"]
[SourceQuality "1"]
[WhiteTeam "Hartberg"]
[BlackTeam "Graz Schachfreunde"]
[WhiteTeamCountry "AUT"]
[BlackTeamCountry "AUT"]

1. d4 d5 2. Nf3 c6 3. c4 e6 4. Nc3 dxc4 5. g3 b5 6. Bg2 Bb7 7. Ne5 Nd7 8. 0-0 Nxe5 9. dxe5 Qc7 10. Qd4 Ne7 11. Rd1 Nf5 12. Qf4 Bb4 13. Ne4 Rd8 14. Be3 0-0 15. Qg5 Be7 16. Nf6+ Kh8 17. Qh5 gxf6 18. exf6 Bxf6 19. g4 Nxe3 20. Be4 Nf5 21. gxf5 c5 22. Bc2 Rg8+ 23. Kf1 Bg2+ 24. Ke1 Qa5+ 0-1

[Event "Steyr Landesliga 1213"]
[Site "Austria"]
[Date "2013.03.02"]
[Round "7.5"]
[White "Janisch, Robert"]
[Black "Almer, Gerald"]
[Result "0-1"]
[WhiteElo "2114"]
[BlackElo "2092"]
[PlyCount "70"]
[EventDate "2012.09.22"]
[EventType "team-tourn"]
[EventRounds "11"]
[EventCountry "AUT"]
[SourceTitle "EXT 2014"]
[Source "ChessBase"]
[SourceDate "2013.11.20"]
[SourceVersion "1"]
[SourceVersionDate "2013.11.20"]
[SourceQuality "1"]
[WhiteTeam "Hartberg"]
[BlackTeam "Feldbach Kirchberg"]
[WhiteTeamCountry "AUT"]
[BlackTeamCountry "AUT"]

1. d4 Nf6 2. c4 e6 3. Nc3 Bb4 4. Qc2 b6 5. Bg5 Bb7 6. e3 d6 7. Qa4+ Nc6 8. d5 Bxc3+ 9. bxc3 Qd7 10. Bxf6 gxf6 11. dxc6 Bxc6 12. Qc2 f5 13. Nf3 Rg8 14. a4 a5 15. Nd4 Be4 16. Bd3 Bxd3 17. Qxd3 Rxg2 18. Qe2 Ke7 19. Qf3 Rag8 20. Ke2 Kf6 21. Qh3 R8g4 22. Qxh7 e5 23. h3 Rg6 24. Nf3 Qc6 25. Qh4+ Kg7 26. Nd2 f6 27. c5 f4 28. Rag1 Rxg1 29. Rxg1 Rxg1 30. exf4 Qxa4 31. cxd6 cxd6 32. c4 e4 33. f5 Qd1+ 34. Ke3 Re1+ 35. Kf4 Qxd2+ 0-1

[Event "Steyr Landesliga 1112"]
[Site "Austria"]
[Date "2011.10.15"]
[Round "3.6"]
[White "Legenstein, Robert"]
[Black "Janisch, Robert"]
[Result "1-0"]
[WhiteElo "2043"]
[BlackElo "2122"]
[PlyCount "55"]
[EventDate "2011.09.24"]
[EventType "team-tourn"]
[EventRounds "11"]
[EventCountry "AUT"]
[SourceTitle "EXT 2013"]
[Source "ChessBase"]
[SourceDate "2012.11.22"]
[SourceVersion "1"]
[SourceVersionDate "2012.11.22"]
[SourceQuality "1"]
[WhiteTeam "Graz Styria"]
[BlackTeam "Hartberg"]
[WhiteTeamCountry "AUT"]
[BlackTeamCountry "AUT"]

1. e4 d6 2. d4 Nf6 3. Nc3 c6 4. f4 Qa5 5. Bd2 Qc7 6. Nf3 Bg4 7. h3 Bxf3 8. Qxf3 e5 9. dxe5 dxe5 10. 0-0-0 Nbd7 11. f5 b5 12. g4 Nc5 13. g5 Nfd7 14. Kb1 Rb8 15. h4 Be7 16. f6 gxf6 17. gxf6 Bxf6 18. Be3 Be7 19. Bh3 h5 20. Rhf1 f6 21. Qf5 Nf8 22. Bxc5 Bxc5 23. Qxf6 Rh7 24. Rf5 Be7 25. Rxe5 b4 26. Ne2 Rd8 27. Rf1 Rd6 28. Qxf8# 1-0

[Event "Oberwart op"]
[Site "Oberwart"]
[Date "1997.07.09"]
[Round "5"]
[White "Janisch, Robert"]
[Black "Wittmann, Walter"]
[Result "0-1"]
[WhiteElo "2090"]
[BlackElo "2390"]
[PlyCount "80"]
[EventDate "1997.07.05"]
[EventType "swiss"]
[EventRounds "9"]
[EventCountry "AUT"]
[SourceTitle "EXT 1999"]
[Source "ChessBase"]
[SourceDate "1998.11.16"]
[SourceVersion "1"]
[SourceVersionDate "1998.11.16"]
[SourceQuality "1"]

1. d4 Nf6 2. c4 g6 3. Nc3 d5 4. Bg5 Ne4 5. Bh4 Nxc3 6. bxc3 dxc4 7. e3 Be6 8. Qb1 b6 9. Nf3 Bg7 10. Qb4 a5 11. Qa3 c6 12. e4 b5 13. Be2 f6 14. Bg3 Na6 15. 0-0 0-0 16. Rfd1 Bd7 17. Rab1 e6 18. Qd6 Re8 19. Qf4 a4 20. h4 Qe7 21. e5 f5 22. h5 gxh5 23. Bh4 Qf7 24. Ng5 Qg6 25. Qh2 Nc7 26. f4 h6 27. Nh3 Nd5 28. Rdc1 Reb8 29. Kf2 Be8 30. Ng1 Rc8 31. Bf3 Rc7 32. Ne2 Qf7 33. Ng3 Nxf4 34. Rh1 Qf8 35. Ke3 Nd5+ 36. Kd2 Qa3 37. Bxd5 cxd5 38. Bf6 Qxa2+ 39. Ke3 f4+ 40. Kf3 fxg3 0-1

[Event "AUT-chT2S 9697"]
[Site "Austria"]
[Date "1996.??.??"]
[Round "11"]
[White "Janisch, Robert"]
[Black "Klocker, Hartmut"]
[Result "0-1"]
[WhiteElo "2100"]
[BlackElo "2195"]
[PlyCount "50"]
[EventDate "1996.??.??"]
[EventType "team"]
[EventRounds "11"]
[EventCountry "AUT"]
[SourceTitle "EXT 1999"]
[Source "ChessBase"]
[SourceDate "1998.11.16"]
[SourceVersion "1"]
[SourceVersionDate "1998.11.16"]
[SourceQuality "1"]

1. d4 Nf6 2. c4 g6 3. Nc3 d5 4. Bf4 Bg7 5. Rc1 0-0 6. e3 c5 7. dxc5 Be6 8. Qa4 Nbd7 9. Nb5 dxc4 10. Nc7 Nxc5 11. Qb4 Na6 12. Nxa6 bxa6 13. Bxc4 Nd5 14. Bxd5 Qxd5 15. Nf3 a5 16. Qc5 Bxb2 17. Qxd5 Bxd5 18. Rc7 Rfc8 19. 0-0 Rxc7 20. Bxc7 a4 21. a3 Rc8 22. Ba5 Bxa3 23. Ra1 Rc1+ 24. Rxc1 Bxc1 25. Nd4 Bb2 0-1

[Event "AUT-chT2S 9697"]
[Site "Austria"]
[Date "1996.??.??"]
[Round "2"]
[White "Janisch, Robert"]
[Black "Nickl, Klaus"]
[Result "0-1"]
[WhiteElo "2170"]
[BlackElo "2100"]
[PlyCount "110"]
[EventDate "1996.??.??"]
[EventType "team"]
[EventRounds "11"]
[EventCountry "AUT"]
[SourceTitle "EXT 1999"]
[Source "ChessBase"]
[SourceDate "1998.11.16"]
[SourceVersion "1"]
[SourceVersionDate "1998.11.16"]
[SourceQuality "1"]

1. d4 Nf6 2. c4 g6 3. Nc3 Bg7 4. e4 d6 5. Nf3 0-0 6. Be2 e5 7. d5 a5 8. Bg5 h6 9. Bh4 Na6 10. Nd2 h5 11. 0-0 Bh6 12. f3 Be3+ 13. Bf2 Bxf2+ 14. Rxf2 g5 15. g3 Kh8 16. g4 Nc5 17. h3 Rg8 18. Bf1 h4 19. b3 c6 20. Qc2 Nh7 21. Bg2 Nf8 22. Nf1 Ng6 23. Rd1 Nf4 24. Ne2 cxd5 25. Nxf4 gxf4 26. Rxd5 Be6 27. Rd1 Qb6 28. Kh2 a4 29. Rb1 axb3 30. axb3 Nd3 31. Rd2 Nb4 32. Qd1 Ra2 33. Rxa2 Nxa2 34. Qe1 Nb4 35. Qxh4+ Kg7 36. Qe1 Ra8 37. Qc3 Nc6 38. Rb2 Nd4 39. Qe1 Bxc4 40. Nd2 Be6 41. Qf2 Qc5 42. b4 Qc3 43. Nb1 Qd3 44. Nd2 Ra1 45. Qh4 Ra8 46. Qg5+ Kf8 47. Qf6 Qc3 48. Ra2 Bxa2 49. Qh8+ Ke7 50. Qxa8 Qxd2 51. Qxb7+ Kf8 52. Qb8+ Kg7 53. Kh1 Qe1+ 54. Kh2 Qf2 55. Kh1 Ne2 0-1

[Event "AUT-chT2S 9697"]
[Site "Austria"]
[Date "1996.??.??"]
[Round "1"]
[White "Kornprat, Manfred"]
[Black "Janisch, Robert"]
[Result "1/2-1/2"]
[WhiteElo "2100"]
[BlackElo "2040"]
[PlyCount "89"]
[EventDate "1996.??.??"]
[EventType "team"]
[EventRounds "11"]
[EventCountry "AUT"]
[SourceTitle "EXT 1999"]
[Source "ChessBase"]
[SourceDate "1998.11.16"]
[SourceVersion "1"]
[SourceVersionDate "1998.11.16"]
[SourceQuality "1"]

1. e4 d6 2. d4 Nf6 3. Nc3 c6 4. a4 Qa5 5. Bd2 Qb6 6. Nf3 a5 7. Be2 Bg4 8. e5 dxe5 9. Nxe5 Bf5 10. Bc1 e6 11. 0-0 Na6 12. Nc4 Qd8 13. Bg5 Nb4 14. Ne3 Bg6 15. Bc4 Be7 16. Ne2 0-0 17. c3 Nbd5 18. Bxd5 cxd5 19. Nf4 b5 20. Nxg6 hxg6 21. Bxf6 gxf6 22. axb5 Qb6 23. Qe2 Rfb8 24. Nxd5 exd5 25. Qxe7 Qxb5 26. h4 Kg7 27. h5 gxh5 28. Qe3 Qd7 29. Qg3+ Qg4 30. Qxg4+ hxg4 31. Ra2 a4 32. Rfa1 Kg6 33. Rxa4 Rxa4 34. Rxa4 Rxb2 35. Ra5 Rc2 36. Rxd5 Rxc3 37. g3 Rc1+ 38. Kg2 Rd1 39. Rd7 Kf5 40. Rxf7 Rxd4 41. Re7 Re4 42. Ra7 Re5 43. Ra4 Rb5 44. Rf4+ Kg5 45. Ra4 1/2-1/2

[Event "AUT-chT2S 9697"]
[Site "Austria"]
[Date "1996.??.??"]
[Round "4"]
[White "Kwatschewsky, Leo"]
[Black "Janisch, Robert"]
[Result "1-0"]
[WhiteElo "2100"]
[BlackElo "2250"]
[PlyCount "65"]
[EventDate "1996.??.??"]
[EventType "team"]
[EventRounds "11"]
[EventCountry "AUT"]
[SourceTitle "EXT 1999"]
[Source "ChessBase"]
[SourceDate "1998.11.16"]
[SourceVersion "1"]
[SourceVersionDate "1998.11.16"]
[SourceQuality "1"]

1. e4 Nc6 2. d4 d5 3. Nc3 dxe4 4. d5 Nb8 5. Nxe4 Nd7 6. Nf3 a6 7. a4 Ndf6 8. Nc3 Qd6 9. Qd4 c5 10. dxc6 bxc6 11. Bc4 e6 12. 0-0 Qxd4 13. Nxd4 Bb7 14. Nb3 a5 15. Rd1 Nd7 16. Be3 Ngf6 17. h3 Be7 18. Nd4 0-0 19. Nxe6 Rfc8 20. Nf4 Ne5 21. Be2 h6 22. Nd3 Nxd3 23. Bxd3 Nd5 24. Nxd5 cxd5 25. c3 Bc6 26. Bb5 Bb7 27. Rd3 Bf6 28. Rad1 Rc7 29. Bd4 Bxd4 30. Rxd4 Rb8 31. R1d2 Re7 32. Kf1 Kf8 33. c4 1-0

[Event "AUT-chT2S 9596"]
[Site "Austria"]
[Date "1995.??.??"]
[Round "?"]
[White "Janisch, Robert"]
[Black "Kastner, Walter"]
[Result "1-0"]
[WhiteElo "2075"]
[BlackElo "2300"]
[PlyCount "115"]
[EventDate "1995.??.??"]
[EventType "team-tourn"]
[EventRounds "11"]
[EventCountry "AUT"]
[SourceTitle "EXT 1999"]
[Source "ChessBase"]
[SourceDate "1998.11.16"]
[SourceVersion "1"]
[SourceVersionDate "1998.11.16"]
[SourceQuality "1"]

1. d4 Nf6 2. c4 e6 3. Nc3 Bb4 4. a3 Bxc3+ 5. bxc3 c5 6. f3 0-0 7. Qa4 Ne8 8. Bf4 Nc6 9. e3 b6 10. Bd3 Qe7 11. Qc2 f5 12. Nh3 Ba6 13. Bg5 Qf7 14. Qe2 Rc8 15. Rc1 e5 16. g4 Nd6 17. gxf5 Nxf5 18. d5 Na5 19. Rg1 Kh8 20. Rg4 h6 21. Qg2 Rce8 22. Kf2 Nd6 23. Bxh6 gxh6 24. Rg6 Qxf3+ 25. Qxf3 Rxf3+ 26. Kxf3 e4+ 27. Bxe4 Nxe4 28. Rcg1 Ng5+ 29. Nxg5 hxg5 30. R6xg5 Re7 31. Rh5+ Rh7 32. Rxh7+ Kxh7 33. Kf4 Nxc4 34. e4 Nd6 35. Ke5 Ne8 36. Kf5 Bd3 37. Rg3 c4 38. Ke5 d6+ 39. Kd4 Nf6 40. e5 dxe5+ 41. Kxe5 Nd7+ 42. Kd6 Nf6 43. Ke6 Ne4 44. d6 Nxg3 45. hxg3 Kg6 46. d7 Bf5+ 47. Kd6 Bxd7 48. Kxd7 Kf5 49. Kc6 Ke4 50. g4 Kd3 51. g5 Kxc3 52. g6 Kb2 53. g7 c3 54. g8Q c2 55. Qg7+ Kb1 56. Qg6 a5 57. a4 Kb2 58. Qxc2+ 1-0

[Event "AUT-chT2S 9495"]
[Site "Austria"]
[Date "1995.??.??"]
[Round "9"]
[White "Janisch, Robert"]
[Black "Riedner, Martin"]
[Result "1-0"]
[WhiteElo "2060"]
[BlackElo "2115"]
[PlyCount "59"]
[EventDate "1994.??.??"]
[EventType "team"]
[EventRounds "11"]
[EventCountry "AUT"]
[SourceTitle "EXT 1998"]
[Source "ChessBase"]
[SourceDate "1997.11.17"]
[SourceVersion "1"]
[SourceVersionDate "1997.11.17"]
[SourceQuality "1"]

1. d4 e6 2. Nf3 d5 3. c4 c6 4. Nc3 f5 5. h3 Nf6 6. Bg5 Be7 7. Bxf6 Bxf6 8. g4 dxc4 9. Qd2 b5 10. Bg2 Bb7 11. 0-0-0 0-0 12. g5 Be7 13. Qe3 Qc8 14. h4 Na6 15. Ne5 c5 16. d5 b4 17. Nb5 exd5 18. Bxd5+ Bxd5 19. Rxd5 Qb7 20. Rhd1 Qxb5 21. g6 Qe8 22. gxh7+ Kxh7 23. Nd7 Rf7 24. Qf3 g6 25. h5 Bg5+ 26. e3 Rg7 27. hxg6+ Rxg6 28. Rxf5 Kg7 29. Rxg5 Rd8 30. Qf6+ 1-0

[Event "AUT-chT2S 9495"]
[Site "Austria"]
[Date "1995.??.??"]
[Round "10"]
[White "Janisch, Robert"]
[Black "Smole, Albert"]
[Result "1/2-1/2"]
[WhiteElo "2060"]
[BlackElo "2070"]
[PlyCount "21"]
[EventDate "1994.??.??"]
[EventType "team"]
[EventRounds "11"]
[EventCountry "AUT"]
[SourceTitle "EXT 1998"]
[Source "ChessBase"]
[SourceDate "1997.11.17"]
[SourceVersion "1"]
[SourceVersionDate "1997.11.17"]
[SourceQuality "1"]

1. d4 Nf6 2. c4 g6 3. Nf3 Bg7 4. Nc3 d5 5. Bg5 Ne4 6. Bh4 Nxc3 7. bxc3 c5 8. cxd5 Qxd5 9. e3 cxd4 10. cxd4 Nc6 11. Qa4 1/2-1/2

[Event "AUT-chT2S 9495"]
[Site "Austria"]
[Date "1995.??.??"]
[Round "1"]
[White "Singer, Richard"]
[Black "Janisch, Robert"]
[Result "1-0"]
[WhiteElo "2130"]
[BlackElo "2060"]
[PlyCount "57"]
[EventDate "1994.??.??"]
[EventType "team"]
[EventRounds "11"]
[EventCountry "AUT"]
[SourceTitle "EXT 1998"]
[Source "ChessBase"]
[SourceDate "1997.11.17"]
[SourceVersion "1"]
[SourceVersionDate "1997.11.17"]
[SourceQuality "1"]

1. d4 d6 2. c4 e5 3. Nf3 Bg4 4. dxe5 Bxf3 5. gxf3 dxe5 6. Qxd8+ Kxd8 7. Nc3 c6 8. Bh3 Nf6 9. Bg5 Bb4 10. 0-0-0+ Kc7 11. Bxf6 gxf6 12. Rhg1 Bxc3 13. bxc3 Kb6 14. Rg7 Rf8 15. Rxh7 Kc5 16. Kc2 a5 17. Bf5 b5 18. cxb5 cxb5 19. f4 Ra7 20. Rh6 b4 21. Rxf6 bxc3 22. Kxc3 exf4 23. Rfd6 Kb5 24. R1d5+ Ka4 25. Rb6 Rc7+ 26. Kb2 Na6 27. Bd7+ Rxd7 28. Rxd7 Rc8 29. Rxa6 1-0

[Event "Graz-ch"]
[Site "Graz"]
[Date "1994.??.??"]
[Round "8"]
[White "Janisch, Robert"]
[Black "Peisser, Manfred"]
[Result "1/2-1/2"]
[WhiteElo "2085"]
[BlackElo "2085"]
[PlyCount "83"]
[EventDate "1994.??.??"]
[EventType "swiss"]
[EventRounds "9"]
[EventCountry "AUT"]
[SourceTitle "EXT 1998"]
[Source "ChessBase"]
[SourceDate "1997.11.17"]
[SourceVersion "1"]
[SourceVersionDate "1997.11.17"]
[SourceQuality "1"]

1. c4 e6 2. d4 d5 3. Nf3 Nf6 4. Nc3 c6 5. Bg5 Be7 6. e3 h6 7. Bxf6 Bxf6 8. Qc2 Nd7 9. 0-0-0 Qa5 10. Kb1 Nb6 11. Nd2 dxc4 12. Nxc4 Nxc4 13. Bxc4 0-0 14. f4 b5 15. Bd3 Bb7 16. Ne4 Be7 17. Nc5 Bxc5 18. Qxc5 Rac8 19. g4 Qb6 20. Rc1 Rfd8 21. Be4 Qxc5 22. Rxc5 g6 23. Rg1 Kg7 24. h4 f6 25. g5 hxg5 26. hxg5 f5 27. Bf3 Rd6 28. Rh1 Ra8 29. Rc2 Rh8 30. Rxh8 Kxh8 31. Rc5 Kg7 32. Kc2 Kf7 33. Kb3 Ke7 34. Rc2 Kd8 35. Rh2 Rd7 36. Kb4 c5+ 37. Kxb5 Bxf3 38. dxc5 Kc7 39. Rh6 Be2+ 40. Ka5 Rd2 41. Rxg6 Rxb2 42. Rxe6 1/2-1/2

[Event "Graz-ch"]
[Site "Graz"]
[Date "1994.??.??"]
[Round "5"]
[White "Rothaler, A."]
[Black "Janisch, Robert"]
[Result "0-1"]
[WhiteElo "1975"]
[BlackElo "2085"]
[PlyCount "98"]
[EventDate "1994.??.??"]
[EventType "swiss"]
[EventRounds "9"]
[EventCountry "AUT"]
[SourceTitle "EXT 1998"]
[Source "ChessBase"]
[SourceDate "1997.11.17"]
[SourceVersion "1"]
[SourceVersionDate "1997.11.17"]
[SourceQuality "1"]

1. e4 d6 2. d4 Nf6 3. Nc3 c6 4. f3 Nbd7 5. Be3 e5 6. Nge2 Qb6 7. Qc1 Qa5 8. Qd2 b5 9. Ng3 b4 10. Nce2 Nb6 11. Nc1 exd4 12. Bxd4 c5 13. Nb3 Qa4 14. Bxf6 gxf6 15. Nh5 Be7 16. Ng7+ Kd8 17. Nxc5 Qc6 18. Nd3 a5 19. b3 Rg8 20. Nh5 f5 21. Ne5 Qe8 22. 0-0-0 Bg5 23. f4 Qxe5 24. fxe5 Bxd2+ 25. Rxd2 fxe4 26. Rxd6+ Kc7 27. Nf6 Rg5 28. Ne8+ Kb7 29. Rf6 Rxe5 30. Rxf7+ Kc6 31. Rc7+ Kd5 32. Nf6+ Kd6 33. Rxh7 Bf5 34. Be2 Bxh7 35. Nxh7 Ke7 36. Rf1 Rh8 37. Nf6 Rf8 38. Ng4 Rxf1+ 39. Bxf1 Rc5 40. Kd2 Nd5 41. h3 Rc3 42. Ne5 Ne3 43. Bb5 Nxg2 44. Nc6+ Kf6 45. Nxa5 e3+ 46. Kd1 Nf4 47. Bc4 Kf5 48. Nc6 e2+ 49. Kd2 Rxc2+ 0-1

[Event "Graz-ch"]
[Site "Graz"]
[Date "1994.??.??"]
[Round "1"]
[White "Zirngast, Erhard"]
[Black "Janisch, Robert"]
[Result "0-1"]
[WhiteElo "1820"]
[BlackElo "2085"]
[PlyCount "54"]
[EventDate "1994.??.??"]
[EventType "swiss"]
[EventRounds "9"]
[EventCountry "AUT"]
[SourceTitle "EXT 1998"]
[Source "ChessBase"]
[SourceDate "1997.11.17"]
[SourceVersion "1"]
[SourceVersionDate "1997.11.17"]
[SourceQuality "1"]

1. e4 d6 2. d4 Nf6 3. Nc3 c6 4. Bg5 Qa5 5. Qd2 Nbd7 6. f4 e5 7. Nf3 Be7 8. Bd3 exd4 9. Nxd4 h6 10. Bh4 Nc5 11. Nf5 Bxf5 12. exf5 Nfe4 13. Bxe4 Bxh4+ 14. g3 Bf6 15. Bd3 0-0-0 16. 0-0-0 Bxc3 17. Qxc3 Qxc3 18. bxc3 Na4 19. Kd2 d5 20. Rde1 b5 21. Re7 Rd7 22. Rhe1 Nc5 23. f6 g6 24. Bxg6 fxg6 25. Re8+ Rd8 26. Rxd8+ Kxd8 27. Re7 Ne4+ 0-1